[Event "Let's Tango: Najdorf Style!"]
[Site "SchemingMind.com"]
[Date "2018.09.05"]
[Round "-"]
[White "kenneth m day"]
[Black "jolasebabes"]
[Result "0-1"]
[WhiteCountry "USA"]
[BlackCountry "POR"]
[WhiteElo "1709"]
[WhiteRD "56"]
[BlackElo "2146"]
[BlackRD "70"]
[GameID "432183"]

1. e4 c5 2. Nf3 d6 3. d4 cxd4 4. Nxd4 Nf6 5. Nc3 a6 6. Bc4 e6 7. O-O b5 8. Bb3 Be7 9. Qe2 O-O 10. h3 Bb7
11. Bxe6 fxe6 12. Nxe6 Qc8 13. Nxf8 Bxf8 14. a3 Nbd7 15. Bf4 Qc4 16. Qxc4+ bxc4 17. Rad1 Nxe4 18. Nxe4 Bxe4 19. Bxd6 Bxc2 20. Rd2 Bd3
21. Bxf8 Kxf8 22. Re1 Rb8 23. Re6 Nc5 24. Rc6 Ne4 25. Rd1 Rxb2 26. Rxa6 Nc3 27. Re1 Ne2+ 28. Kh2 c3 29. Rc6 c2
0-1

[Event "Let's Tango: Najdorf Style!"]
[Site "SchemingMind.com"]
[Date "2018.09.03"]
[Round "-"]
[White "jolasebabes"]
[Black "kenneth m day"]
[Result "1-0"]
[WhiteCountry "POR"]
[BlackCountry "USA"]
[WhiteElo "2150"]
[WhiteRD "72"]
[BlackElo "1725"]
[BlackRD "60"]
[GameID "432184"]

1. e4 c5 2. Nf3 d6 3. d4 cxd4 4. Nxd4 Nf6 5. Nc3 a6 6. h3 b5 7. a4 b4 8. Nd5 e5 9. Nf5 Nxe4 10. Qg4 Nf6
11. Nxg7+ Bxg7 12. Qxg7 Nxd5 13. Bg5 Qc7 14. Qxh8+ Kd7 15. O-O-O Bb7 16. Be2 a5 17. Bb5+ Ke6 18. Rxd5 Bxd5 19. Qf6#
1-0

[Event "Let's Tango: Najdorf Style!"]
[Site "SchemingMind.com"]
[Date "2018.09.16"]
[Round "-"]
[White "kenneth m day"]
[Black "splinter"]
[Result "0-1"]
[WhiteCountry "USA"]
[BlackCountry "CAN"]
[WhiteElo "1709"]
[WhiteRD "56"]
[BlackElo "1820"]
[BlackRD "72"]
[GameID "432557"]

1. e4 c5 2. Nf3 d6 3. d4 cxd4 4. Nxd4 Nf6 5. Nc3 a6 6. Bg5 Nbd7 7. Bc4 Qb6 8. b3 g6 9. O-O Bg7 10. Be3 Qc7
11. Qd2 O-O 12. Rfe1 b5 13. Bd3 Ng4 14. f3 Nxe3 15. Nd5 Nxd5 16. exd5 Bxd4+ 17. Kf1 Bxa1 18. Rxa1 Bb7 19. Be4 Nf6 20. Re1 Nxe4
21. fxe4 Rac8
0-1

[Event "Let's Tango: Najdorf Style!"]
[Site "SchemingMind.com"]
[Date "2018.09.17"]
[Round "-"]
[White "splinter"]
[Black "kenneth m day"]
[Result "0-1"]
[WhiteCountry "CAN"]
[BlackCountry "USA"]
[WhiteElo "1820"]
[WhiteRD "72"]
[BlackElo "1709"]
[BlackRD "56"]
[GameID "432558"]

1. e4 c5 2. Nf3 d6 3. d4 cxd4 4. Nxd4 Nf6 5. Nc3 a6 6. Be3 e6 7. f3 Be7 8. Qd2 O-O 9. O-O-O Bd7 10. h4 Nc6
11. g4 Nxd4 12. Qxd4 Qa5 13. h5 h6 14. Bd2 Nh7 15. Nd5 Qd8 16. Nxe7+ Qxe7 17. Bb4 Qg5+ 18. Kb1 Bc6 19. Bd2 Qe7 20. Bg2 Rfd8
21. Bb4 Qf6 22. Qxf6 Nxf6 23. Rxd6 Rxd6 24. Bxd6 Rd8 25. e5 Nd5 26. Re1 f6 27. c4 Nf4 28. Bh1 fxe5 29. Bxe5 Nd3 30. Rd1 Rd7
0-1

[Event "Let's Tango: Najdorf Style!"]
[Site "SchemingMind.com"]
[Date "2018.09.16"]
[Round "-"]
[White "splinter"]
[Black "jolasebabes"]
[Result "0-1"]
[WhiteCountry "CAN"]
[BlackCountry "POR"]
[WhiteElo "1820"]
[WhiteRD "72"]
[BlackElo "2146"]
[BlackRD "70"]
[GameID "432559"]

1. e4 c5 2. Nf3 d6 3. d4 cxd4 4. Nxd4 Nf6 5. Nc3 a6 6. Be3 e5 7. Nb3 Be6 8. f3 h5 9. Nd5 Bxd5 10. exd5 Nbd7
11. c4 a5 12. Bd3 g6 13. O-O Bh6 14. Bxh6 Rxh6 15. Re1 a4 16. Nd2 Qb6+ 17. Kh1 Nc5 18. Ne4 Nfxe4 19. fxe4 Qxb2 20. Rf1 Qd4
21. Rf3 Rc8 22. Rb1 f5 23. Qf1 Nxd3 24. Rxd3 Qxe4 25. Rxb7 Qxc4 26. Qb1 Qxd3
0-1

[Event "Let's Tango: Najdorf Style!"]
[Site "SchemingMind.com"]
[Date "2018.09.16"]
[Round "-"]
[White "jolasebabes"]
[Black "splinter"]
[Result "1-0"]
[WhiteCountry "POR"]
[BlackCountry "CAN"]
[WhiteElo "2146"]
[WhiteRD "70"]
[BlackElo "1820"]
[BlackRD "72"]
[GameID "432560"]

1. e4 c5 2. Nf3 d6 3. d4 cxd4 4. Nxd4 Nf6 5. Nc3 a6 6. h3 Nbd7 7. g4 g6 8. g5 Nh5 9. Be2 e5 10. Bxh5 gxh5
11. Nf5 Nc5 12. Qxh5 Be6 13. Be3 Qb6 14. O-O-O O-O-O 15. Qe2 Kb8 16. Kb1 Qa5 17. Nd5 Qb5 18. Qxb5 axb5 19. f3 Bxf5 20. exf5 h6
21. h4 Rc8 22. Nc3 b4 23. Nd5 Na6 24. f4 hxg5 25. hxg5 Rxh1 26. Rxh1 b5 27. Rh7 Re8 28. Rxf7 e4 29. Ba7+
1-0

[Event "Let's Tango: Najdorf Style!"]
[Site "SchemingMind.com"]
[Date "2018.09.19"]
[Round "-"]
[White "kenneth m day"]
[Black "flyinduck"]
[Result "0-1"]
[WhiteCountry "USA"]
[BlackCountry "CAN"]
[WhiteElo "1709"]
[WhiteRD "56"]
[BlackElo "2023"]
[BlackRD "52"]
[GameID "432777"]

1. e4 c5 2. Nf3 d6 3. d4 cxd4 4. Nxd4 Nf6 5. Nc3 a6 6. Bg5 e6 7. Bd3 Be7 8. O-O O-O 9. Re1 b5 10. a3 Qc7
11. Rc1 Nbd7 12. Qf3 h6 13. Be3 Bb7 14. Nde2 Nc5 15. Bxc5 Qxc5 16. Ng3 Rac8 17. Nce2 b4 18. axb4 Qxb4 19. b3 Rc7 20. Red1 Rfc8
21. Nf4 d5 22. exd5 Nxd5 23. Nxd5 Bxd5 24. Qg4 Qxg4
0-1

[Event "Let's Tango: Najdorf Style!"]
[Site "SchemingMind.com"]
[Date "2018.09.19"]
[Round "-"]
[White "flyinduck"]
[Black "kenneth m day"]
[Result "1-0"]
[WhiteCountry "CAN"]
[BlackCountry "USA"]
[WhiteElo "2023"]
[WhiteRD "52"]
[BlackElo "1709"]
[BlackRD "56"]
[GameID "432778"]

1. e4 c5 2. Nf3 d6 3. d4 cxd4 4. Nxd4 Nf6 5. Nc3 a6 6. f3 e6 7. Be3 Bd7 8. Qd2 Nc6 9. O-O-O Be7 10. g4 Nxd4
11. Bxd4 O-O 12. g5 Ne8 13. Rg1 e5 14. Be3 Nc7 15. h4 Ne6 16. h5 Nf4 17. Bxf4 exf4 18. g6 fxg6 19. Bc4+ Kh8 20. hxg6 h6
21. Nd5 Bg5 22. Qh2 Rc8 23. Bb3 Be6 24. Rg2 b5 25. Rh1 a5 26. a3 Bxd5 27. Bxd5 Qf6 28. Qg1 Bh4 29. Rg4 Bg3 30. Rh5 Rc7
31. Qh1 Rxc2+ 32. Kxc2 Rb8 33. Rxh6+
1-0

[Event "Let's Tango: Najdorf Style!"]
[Site "SchemingMind.com"]
[Date "2018.09.19"]
[Round "-"]
[White "flyinduck"]
[Black "splinter"]
[Result "1-0"]
[WhiteCountry "CAN"]
[BlackCountry "CAN"]
[WhiteElo "1993"]
[WhiteRD "51"]
[BlackElo "1786"]
[BlackRD "69"]
[GameID "432779"]

1. e4 c5 2. Nf3 d6 3. d4 cxd4 4. Nxd4 Nf6 5. Nc3 a6 6. Bc4 e6 7. Bb3 Nc6 8. Be3 Be7 9. Qe2 O-O 10. O-O-O Bd7
11. Rhg1 b5 12. g4 b4 13. Na4 Na5 14. f3 Nxb3+ 15. cxb3 Qa5 16. g5 Nh5 17. f4 g6 18. f5 Bxa4 19. bxa4 Qxa4 20. Kb1 e5
21. Nb3 a5 22. f6 Bd8 23. Rg4 Qc6 24. Rh4 a4 25. Rc1 Qa6 26. Qxa6 Rxa6 27. Nd2 Bb6 28. Nc4 Bxe3 29. Nxe3 Nf4 30. Rg4 b3
31. a3 Rd8 32. Nd5 Nxd5 33. exd5 Ra5 34. h4 Kf8 35. Rb4 Rxd5 36. Rxa4 Rd3 37. Ra7 e4 38. Rcc7 Rd1+ 39. Rc1 Rxc1+ 40. Kxc1 d5
41. Rb7 d4 42. Rxb3 Kg8 43. Rb7 Kf8 44. Re7 e3 45. Kd1 Rd6 46. b4
1-0

[Event "Let's Tango: Najdorf Style!"]
[Site "SchemingMind.com"]
[Date "2018.09.19"]
[Round "-"]
[White "splinter"]
[Black "flyinduck"]
[Result "0-1"]
[WhiteCountry "CAN"]
[BlackCountry "CAN"]
[WhiteElo "1786"]
[WhiteRD "69"]
[BlackElo "1993"]
[BlackRD "51"]
[GameID "432780"]

1. e4 c5 2. Nf3 d6 3. d4 cxd4 4. Nxd4 Nf6 5. Nc3 a6 6. Be3 Ng4 7. Bg5 h6 8. Bh4 g5 9. Bg3 Bg7 10. Nf5 Bxf5
11. exf5 Qa5 12. Qd3 Nc6 13. Be2 Nge5 14. Qd2 Nd4 15. O-O O-O 16. Bxe5 Nxe2+ 17. Qxe2 Qxe5 18. Qd3 Rfe8 19. Rfe1 Qc5 20. Rab1 Rac8
21. Re3 b5 22. Rbe1 Bd4 23. R3e2 Bxc3 24. bxc3 Qxc3 25. g4 Qxd3 26. cxd3 Kf8 27. Kg2 Rc3 28. f6 e6 29. Re3 Kg8 30. h4 gxh4
31. Rh1 Kh7 32. Rxh4 Kg6 33. Reh3 Kxf6 34. Rxh6+ Ke7 35. Rh7 b4 36. g5 Rg8 37. f4 Rc2+ 38. Kf3 Rxa2 39. Kg4 b3 40. Rh1 a5
41. Rb1 a4 42. d4 b2 43. Rh2 a3 44. Rhh1 Kd7 45. Kf3 Kc6 46. Ke3 Kb5 47. Kd3 Kb4 48. Ke4 Ra1 49. Rxa1 bxa1=Q 50. Rxa1 Kb3
0-1

[Event "Let's Tango: Najdorf Style!"]
[Site "SchemingMind.com"]
[Date "2018.09.19"]
[Round "-"]
[White "flyinduck"]
[Black "jolasebabes"]
[Result "0-1"]
[WhiteCountry "CAN"]
[BlackCountry "POR"]
[WhiteElo "1993"]
[WhiteRD "51"]
[BlackElo "2185"]
[BlackRD "69"]
[GameID "432781"]

1. e4 c5 2. Nf3 d6 3. d4 cxd4 4. Nxd4 Nf6 5. Nc3 a6 6. Bc4 e6 7. Bb3 Be7 8. Qe2 b5 9. Be3 O-O 10. O-O-O b4
11. Na4 Qa5 12. g4 Bd7 13. Nb6 Qxb6 14. Nxe6 Qb7 15. Nxf8 Bxf8 16. f3 a5 17. g5 Bb5 18. Bc4 Bxc4 19. Qxc4 Nfd7 20. h4 a4
21. h5 Ne5 22. Qe2 Nbc6 23. g6 b3 24. Kb1 bxa2+ 25. Ka1 a3 26. b3 Qb4 27. Bd2 Qc5 28. c3 Nd4 29. Qe3 Nc2+
0-1

[Event "Let's Tango: Najdorf Style!"]
[Site "SchemingMind.com"]
[Date "2018.09.19"]
[Round "-"]
[White "jolasebabes"]
[Black "flyinduck"]
[Result "1-0"]
[WhiteCountry "POR"]
[BlackCountry "CAN"]
[WhiteElo "2185"]
[WhiteRD "69"]
[BlackElo "1993"]
[BlackRD "51"]
[GameID "432782"]

1. e4 c5 2. Nf3 d6 3. d4 cxd4 4. Nxd4 Nf6 5. Nc3 a6 6. h3 e5 7. Nde2 Be6 8. g4 d5 9. exd5 Nxd5 10. Bg2 Nxc3
11. Qxd8+ Kxd8 12. Nxc3 Nc6 13. Be3 Kc7 14. O-O-O Bb4 15. Nd5+ Bxd5 16. Bxd5 f6 17. c3 Be7 18. Be4 h6 19. b4 Rhd8 20. a4 Rxd1+
21. Rxd1 Rd8 22. a5 Rxd1+ 23. Kxd1 Nd8 24. Bb6+ Kb8 25. Bd5 Nc6 26. Kd2 Bd8 27. Bc5 Be7 28. Be3 Bd6 29. Kd3 Ne7 30. Ke4 Kc7
31. Bb6+ Kc8 32. Be6+ Kb8 33. h4 Ka8 34. h5 Kb8 35. Bd7 Ka8 36. Bf5 Kb8 37. Bd8
1-0

[Event "Let's Tango: Najdorf Style!"]
[Site "SchemingMind.com"]
[Date "2018.10.06"]
[Round "-"]
[White "maro"]
[Black "kenneth m day"]
[Result "0-1"]
[WhiteCountry "MEX"]
[BlackCountry "USA"]
[WhiteElo "1456"]
[WhiteRD "66"]
[BlackElo "1735"]
[BlackRD "57"]
[GameID "433304"]

1. e4 c5 2. Nf3 d6 3. d4 cxd4 4. Nxd4 Nf6 5. Nc3 a6 6. Bc4 e6 7. b3 b5 8. Be2 Bb7 9. Bg5 Be7 10. O-O Nc6
11. Nxc6 Bxc6 12. Bf3 O-O 13. Re1 Rc8 14. Ne2 h6 15. Bxf6 Bxf6 16. Rb1 d5 17. exd5 Bxd5 18. Bxd5 exd5 19. Nf4 d4 20. Nd3 Qd6
21. Qf3 Rxc2 22. a4 Rc3 23. Red1 Rfc8 24. Qe4 R3c7 25. Nf4 Re7 26. Qf3 Rce8 27. Nd5 Re6 28. Rbc1 Bd8 29. h3 Re4 30. Nc3 Rf4
31. Qg3 Qf6 32. Nd5 Qg5 33. Qxf4 Qxd5 34. Rxd4 Qxb3 35. axb5 Bg5 36. Rb4 Bxf4 37. Rxb3 Bxc1 38. bxa6 Ra8 39. Rc3 Bg5 40. Rc6 Bf6
41. Kf1 Kf8 42. Ke2 Be5 43. Ke3 f6 44. Ke4 Ke7 45. Kd5 Ra7 46. Kc5 Kd7 47. Kb5 Rc7 48. Rxc7+ Kxc7 49. g3 Bd4 50. Kc4 Bxf2
51. g4 Kb6
0-1

[Event "Let's Tango: Najdorf Style!"]
[Site "SchemingMind.com"]
[Date "2018.10.06"]
[Round "-"]
[White "kenneth m day"]
[Black "maro"]
[Result "1-0"]
[WhiteCountry "USA"]
[BlackCountry "MEX"]
[WhiteElo "1735"]
[WhiteRD "57"]
[BlackElo "1456"]
[BlackRD "66"]
[GameID "433305"]

1. e4 c5 2. Nf3 d6 3. d4 cxd4 4. Nxd4 Nf6 5. Nc3 a6 6. Bc4 e6 7. O-O Nc6 8. Be3 e5 9. Nf5 Bxf5 10. exf5 b5
11. Be2 Qd7 12. Bd3 d5 13. Bg5 Be7 14. Qf3 Nd4 15. Qg3 e4 16. Be2 Qxf5 17. Bxf6 Bxf6 18. Bg4 Qg5 19. Rac1 O-O 20. h3 h5
21. h4 Qg6 22. Bd1 Qh6 23. Be2 Rae8 24. Rfd1 Nf5 25. Qh3 Nxh4 26. Nxd5 Bxb2 27. Rb1 Be5 28. Qxh4 f5 29. Qxh5 Qd6 30. Ne3 Qb6
31. Bc4+ Re6 32. Nxf5 g6 33. Qxg6+ Kh8 34. Bxe6
1-0

[Event "Let's Tango: Najdorf Style!"]
[Site "SchemingMind.com"]
[Date "2018.10.07"]
[Round "-"]
[White "maro"]
[Black "flyinduck"]
[Result "0-1"]
[WhiteCountry "MEX"]
[BlackCountry "CAN"]
[WhiteElo "1498"]
[WhiteRD "63"]
[BlackElo "1993"]
[BlackRD "51"]
[GameID "433306"]

1. e4 c5 2. Nf3 d6 3. d4 cxd4 4. Nxd4 Nf6 5. Nc3 a6 6. Bg5 e6 7. f4 Be7 8. e5 dxe5 9. fxe5 Nd5 10. Nxd5 Bxg5
11. Nc3 O-O 12. Qg4 Bh6 13. Nf3 Nc6 14. Bd3 Qb6 15. Qe4 g6 16. b3 Bd7 17. a4 Rac8 18. Kd1 Ne7
0-1

[Event "Let's Tango: Najdorf Style!"]
[Site "SchemingMind.com"]
[Date "2018.10.07"]
[Round "-"]
[White "flyinduck"]
[Black "maro"]
[Result "1-0"]
[WhiteCountry "CAN"]
[BlackCountry "MEX"]
[WhiteElo "1993"]
[WhiteRD "51"]
[BlackElo "1498"]
[BlackRD "63"]
[GameID "433307"]

1. e4 c5 2. Nf3 d6 3. d4 cxd4 4. Nxd4 Nf6 5. Nc3 a6 6. Be2 e5 7. Nb3 Nc6 8. Be3 b5 9. O-O Bb7 10. f4 exf4
11. Bxf4 Ne5 12. Bf3 b4 13. Nd5 Nxd5 14. exd5 g6 15. Nd4 Qb6 16. Kh1 Bg7 17. Nc6 Bxc6 18. dxc6 Nxc6 19. Qxd6
1-0

[Event "Let's Tango: Najdorf Style!"]
[Site "SchemingMind.com"]
[Date "2018.10.07"]
[Round "-"]
[White "maro"]
[Black "splinter"]
[Result "0-1"]
[WhiteCountry "MEX"]
[BlackCountry "CAN"]
[WhiteElo "1503"]
[WhiteRD "58"]
[BlackElo "1820"]
[BlackRD "72"]
[GameID "433308"]

1. e4 c5 2. Nf3 d6 3. d4 cxd4 4. Nxd4 Nf6 5. Nc3 a6 6. Bg5 g6 7. Bxf6 exf6 8. Bc4 Nc6 9. Nxc6 bxc6 10. Qf3 Bg7
11. O-O-O O-O 12. Qg3 d5 13. exd5 Bf5 14. dxc6 Qb6 15. c7 Ra7 16. Nd5 Qc5 17. b3 Rb7 18. Rhe1 Bh6+ 19. Kb2 Qxc4 20. Ne7+ Kh8
21. Kb1 Qxc2+ 22. Ka1 Qxc7 23. Nxf5 gxf5 24. Qh4 Qc3+ 25. Kb1 Rxb3+ 26. axb3 Qxb3+ 27. Ka1 Qa3+ 28. Kb1 Rb8+ 29. Kc2 Rb2#
0-1

[Event "Let's Tango: Najdorf Style!"]
[Site "SchemingMind.com"]
[Date "2018.10.07"]
[Round "-"]
[White "splinter"]
[Black "maro"]
[Result "1-0"]
[WhiteCountry "CAN"]
[BlackCountry "MEX"]
[WhiteElo "1820"]
[WhiteRD "72"]
[BlackElo "1503"]
[BlackRD "58"]
[GameID "433309"]

1. e4 c5 2. Nf3 d6 3. d4 cxd4 4. Nxd4 Nf6 5. Nc3 a6 6. Be2 e5 7. Nf3 h6 8. O-O b5 9. b3 Bb7 10. Bd3 Nc6
11. Bb2 Nb4 12. Qe2 Nxd3 13. cxd3 b4 14. Nd1 a5 15. Ne3 Ba6 16. Rac1 Nxe4 17. Nc4 Nc5 18. d4 Ne6 19. d5 Nf4 20. Qe4 f5
21. Qxf5 Ne2+ 22. Kh1 Nxc1 23. Qg6+ Kd7 24. Qe6+ Kc7 25. Rxc1 Kb8 26. Nfxe5 dxe5 27. Bxe5+ Ka7 28. Bd4+ Kb8 29. Ne5 Bb5 30. Nf7 Qd7
31. Qb6+ Qb7 32. Rc8+ Kxc8 33. Qd8#
1-0

[Event "Let's Tango: Najdorf Style!"]
[Site "SchemingMind.com"]
[Date "2018.10.08"]
[Round "-"]
[White "maro"]
[Black "jolasebabes"]
[Result "0-1"]
[WhiteCountry "MEX"]
[BlackCountry "POR"]
[WhiteElo "1498"]
[WhiteRD "63"]
[BlackElo "2185"]
[BlackRD "69"]
[GameID "433310"]

1. e4 c5 2. Nf3 d6 3. d4 cxd4 4. Nxd4 Nf6 5. Nc3 a6 6. Be3 e5 7. Nb3 Be6 8. Nd5 Nbd7 9. Bc4 Nxe4 10. O-O Be7
11. f3 Nef6 12. f4 Bxd5 13. Bxd5 Qc7 14. f5 Nxd5 15. Qxd5 Nf6 16. Qd3 d5 17. a3 O-O 18. a4 Rac8 19. c3 Ng4 20. a5 Nxe3
21. Qxe3 Bc5 22. Nxc5 Qxc5 23. Qxc5 Rxc5 24. g4 Rfc8 25. h4 Rc4 26. Kh2 Rxg4 27. Kh3 h5 28. b3 Rxc3+ 29. Kh2 f6 30. Rad1 d4
31. b4 Rxh4+ 32. Kg2 Rc2+ 33. Kg1 Rhh2
0-1

[Event "Let's Tango: Najdorf Style!"]
[Site "SchemingMind.com"]
[Date "2018.10.06"]
[Round "-"]
[White "jolasebabes"]
[Black "maro"]
[Result "1-0"]
[WhiteCountry "POR"]
[BlackCountry "MEX"]
[WhiteElo "2185"]
[WhiteRD "69"]
[BlackElo "1498"]
[BlackRD "63"]
[GameID "433311"]

1. e4 c5 2. Nf3 d6 3. d4 cxd4 4. Nxd4 Nf6 5. Nc3 a6 6. h3 e5 7. Nde2 b5 8. Ng3 Be7 9. a4 b4 10. Nd5 O-O
11. Nxb4 Bb7 12. Bd3 d5 13. Nxd5 Bxd5 14. exd5 Qxd5 15. O-O Nc6 16. b3 Bb4 17. Bb2 Qc5 18. c3 Bxc3 19. Rc1 Qd4 20. Bxc3 Qb6
21. Ne4 Nxe4 22. Bxe4 Rad8 23. Qc2 f5 24. Bxc6 Qxc6 25. Bxe5 Qe6 26. Qc4 Qxc4 27. Rxc4 Rd5 28. f4 h6 29. Rc7 g5 30. Rg7+ Kh8
31. Rd7+ Kg8 32. Rxd5
1-0

[Event "Let's Tango: Najdorf Style!"]
[Site "SchemingMind.com"]
[Date "2018.10.07"]
[Round "-"]
[White "maro"]
[Black "Phillip Beckett"]
[Result "0-1"]
[WhiteCountry "MEX"]
[BlackCountry "ENG"]
[WhiteElo "1503"]
[WhiteRD "58"]
[BlackElo "1502"]
[BlackRD "55"]
[GameID "433346"]

1. e4 c5 2. Nf3 d6 3. d4 cxd4 4. Nxd4 Nf6 5. Nc3 a6 6. Bf4 e5 7. Bg5 exd4 8. Qxd4 Be7 9. Nd5 Nxd5 10. Qxg7 Bf6
11. Bxf6 Qxf6 12. Qg3 Nb4 13. O-O-O Nxa2+ 14. Kb1 Nb4 15. Qxd6 Qxd6 16. Rxd6 Be6 17. b3 Nd7 18. Kb2 Ke7 19. e5 Nxe5 20. Rd4 Nbc6
21. Rd2 Rhd8
0-1

[Event "Let's Tango: Najdorf Style!"]
[Site "SchemingMind.com"]
[Date "2018.10.08"]
[Round "-"]
[White "Phillip Beckett"]
[Black "maro"]
[Result "1-0"]
[WhiteCountry "ENG"]
[BlackCountry "MEX"]
[WhiteElo "1536"]
[WhiteRD "53"]
[BlackElo "1498"]
[BlackRD "63"]
[GameID "433347"]

1. e4 c5 2. Nf3 d6 3. d4 cxd4 4. Nxd4 Nf6 5. Nc3 a6 6. Bg5 e5 7. Nb3 Nc6 8. Be2 h6 9. Be3 Be6 10. O-O Bxb3
11. cxb3 Be7 12. f3 b5 13. Nd5 Nxd5 14. Qxd5 Nb4 15. Bxb5+ axb5 16. Qxb5+ Kf8 17. Qxb4 Rb8 18. Qd2 f6 19. Rfd1 Kg8 20. Qd5+ Kf8
21. a3 Qd7 22. b4 Bd8 23. Qxd6+ Qxd6 24. Rxd6 Kf7 25. Rad1 Kg6 26. f4 exf4 27. Bxf4 Bb6+ 28. Kf1 Rhc8 29. e5 Kf5 30. Bg3 fxe5
31. Bf2 Bc7 32. Rd7 Rb6 33. Rc1 Rb7 34. Rxg7 Kf6 35. Rh7 Kg6 36. Rd7 e4 37. Rc6+ Kf5 38. Rh7 Ke5 39. Bg3+ Kd5 40. Rcxc7
1-0

[Event "Let's Tango: Najdorf Style!"]
[Site "SchemingMind.com"]
[Date "2018.10.07"]
[Round "-"]
[White "Phillip Beckett"]
[Black "kenneth m day"]
[Result "0-1"]
[WhiteCountry "ENG"]
[BlackCountry "USA"]
[WhiteElo "1502"]
[WhiteRD "55"]
[BlackElo "1709"]
[BlackRD "56"]
[GameID "433348"]

1. e4 c5 2. Nf3 d6 3. d4 cxd4 4. Nxd4 Nf6 5. Nc3 a6 6. Bg5 Nbd7 7. f4 h6 8. Bh4 e5 9. Nf5 exf4 10. Nxd6+ Bxd6
11. Bc4 Be7 12. O-O O-O 13. Bxf6 Bxf6 14. Rxf4 Be5 15. Rxf7 Rxf7 16. Qh5 Qe7 17. Nd5 Qf8 18. Ne3 Bf6 19. Nd5 Kh8 20. Nc7 Ne5
21. Bxf7 Qc5+ 22. Kh1 Qxc7 23. Bb3 Bg4
0-1

[Event "Let's Tango: Najdorf Style!"]
[Site "SchemingMind.com"]
[Date "2018.10.07"]
[Round "-"]
[White "kenneth m day"]
[Black "Phillip Beckett"]
[Result "1-0"]
[WhiteCountry "USA"]
[BlackCountry "ENG"]
[WhiteElo "1687"]
[WhiteRD "59"]
[BlackElo "1536"]
[BlackRD "53"]
[GameID "433349"]

1. e4 c5 2. Nf3 d6 3. d4 cxd4 4. Nxd4 Nf6 5. Nc3 a6 6. Bg5 e6 7. Bc4 Be7 8. O-O Nbd7 9. f4 h6 10. Bh4 O-O
11. Bf2 Qc7 12. Bd3 Nc5 13. Nf3 Nxd3 14. Qxd3 Bd7 15. Rfe1 Rfc8 16. Rad1 Qc4 17. Qxc4 Rxc4 18. Rd4 Rxd4 19. Bxd4 Bc6 20. h3 Rc8
21. Kf2 b5 22. a3 Nd7 23. e5 Bxf3 24. Kxf3 dxe5 25. fxe5 Nc5 26. g4 Nb7 27. Re2 Nc5 28. Rd2 Nd7 29. Ne4 f5 30. gxf5 exf5
31. Ng3 g6 32. c3 Rd8 33. Re2 Nc5 34. Nf1 Ne4 35. Nd2 Bg5 36. Nxe4 fxe4+ 37. Rxe4 Rf8+ 38. Kg2 Rf4 39. Rxf4 Bxf4 40. Kf3 Bc1
41. c4 Kf7 42. c5 Ke6 43. Ke4 g5 44. Bc3 h5 45. c6 g4 46. hxg4 hxg4 47. Bd4 g3 48. Kf3 g2 49. Kxg2 Ke7 50. Kf3 a5
51. Ke4 b4 52. a4 Bd2 53. Kd5 Bf4 54. Kc5 Ke6 55. Kb6 Ke7 56. Kb7
1-0

[Event "Let's Tango: Najdorf Style!"]
[Site "SchemingMind.com"]
[Date "2018.10.08"]
[Round "-"]
[White "Phillip Beckett"]
[Black "flyinduck"]
[Result "0-1"]
[WhiteCountry "ENG"]
[BlackCountry "CAN"]
[WhiteElo "1536"]
[WhiteRD "53"]
[BlackElo "1993"]
[BlackRD "51"]
[GameID "433350"]

1. e4 c5 2. Nf3 d6 3. d4 cxd4 4. Nxd4 Nf6 5. Nc3 a6 6. Bg5 e6 7. f4 Qb6 8. Nb3 Be7 9. Qf3 Qc7 10. O-O-O b5
11. a3 Nbd7 12. Bd3 Bb7 13. Rhe1 Nc5 14. h3 O-O 15. g4 Nxb3+ 16. cxb3 d5 17. e5 Bxa3 18. bxa3 Qxc3+ 19. Kb1 Qxb3+ 20. Ka1 Qxa3+
21. Kb1 Qb4+ 22. Ka2 Ne4 23. Bxe4 dxe4 24. Qb3 Bd5 25. Rxd5 Qxb3+ 26. Kxb3 exd5 27. Kb4 Rfc8 28. f5 Rc4+ 29. Kb3 a5 30. Ra1 a4+
31. Kb2 b4 32. f6 h6
0-1

[Event "Let's Tango: Najdorf Style!"]
[Site "SchemingMind.com"]
[Date "2018.10.08"]
[Round "-"]
[White "flyinduck"]
[Black "Phillip Beckett"]
[Result "1-0"]
[WhiteCountry "CAN"]
[BlackCountry "ENG"]
[WhiteElo "2023"]
[WhiteRD "52"]
[BlackElo "1502"]
[BlackRD "55"]
[GameID "433351"]

1. e4 c5 2. Nf3 d6 3. d4 cxd4 4. Nxd4 Nf6 5. Nc3 a6 6. Bc4 g6 7. f3 Bg7 8. Be3 Nc6 9. Qd2 Bd7 10. O-O-O O-O
11. Bb3 b5 12. h4 Nxd4 13. Bxd4 b4 14. Nd5 Nxd5 15. Bxg7 Kxg7 16. Bxd5 Rb8 17. h5 Be6 18. hxg6 fxg6 19. Bxe6 a5 20. Qh6+ Kf6
21. Bb3 e5 22. Qh4+ Kg7 23. Qxh7+ Kf6 24. Qh4+ Kg7 25. Qh6+ Kf6 26. g4 Rh8 27. g5+ Ke7 28. Qg7+ Ke8 29. Rxh8#
1-0

[Event "Let's Tango: Najdorf Style!"]
[Site "SchemingMind.com"]
[Date "2018.10.10"]
[Round "-"]
[White "Phillip Beckett"]
[Black "splinter"]
[Result "0-1"]
[WhiteCountry "ENG"]
[BlackCountry "CAN"]
[WhiteElo "1502"]
[WhiteRD "55"]
[BlackElo "1820"]
[BlackRD "72"]
[GameID "433352"]

1. e4 c5 2. Nf3 d6 3. d4 cxd4 4. Nxd4 Nf6 5. Nc3 a6 6. Bg5 e5 7. Nb3 Be7 8. Be2 O-O 9. O-O Be6 10. f4 b5
11. fxe5 dxe5 12. Qxd8 Rxd8 13. a3 Nc6 14. Rad1 Nd4 15. Nxd4 exd4 16. Nb1 Ra7 17. e5 Nd5 18. Bxe7 Nxe7 19. c3 Rad7 20. cxd4 Rxd4
21. Rxd4 Rxd4 22. Rd1 Rxd1+ 23. Bxd1 Ng6 24. Nc3 Nxe5 25. Ne4 Nc4 26. Nc5 Bc8 27. a4 Nxb2 28. Bb3 bxa4 29. Nxa4 Nxa4 30. Bxa4 Be6
31. Kf2 Bc4 32. Ke3 g5 33. Kd4 Bf1 34. g3 Kg7 35. Ke5 f6+ 36. Ke6 Bd3 37. h4 gxh4 38. gxh4 Bb5 39. Bb3 a5 40. Kf5 a4
41. Ba2 Bd3+ 42. Kf4 Bc2
0-1

[Event "Let's Tango: Najdorf Style!"]
[Site "SchemingMind.com"]
[Date "2018.10.10"]
[Round "-"]
[White "splinter"]
[Black "Phillip Beckett"]
[Result "1-0"]
[WhiteCountry "CAN"]
[BlackCountry "ENG"]
[WhiteElo "1820"]
[WhiteRD "72"]
[BlackElo "1502"]
[BlackRD "55"]
[GameID "433353"]

1. e4 c5 2. Nf3 d6 3. d4 cxd4 4. Nxd4 Nf6 5. Nc3 a6 6. Be3 Nbd7 7. g4 e6 8. g5 Ng8 9. f4 Be7 10. Qh5 g6
11. Qf3 Qc7 12. O-O-O b5 13. Bg2 Bb7 14. Qf2 Nc5 15. h4 b4 16. Nb1 Nxe4 17. Bxe4 Bxe4 18. Rh2 e5 19. fxe5 dxe5 20. Nb3 f6
21. h5 fxg5 22. hxg6 Bxg6 23. Rf1 Nf6 24. Rg1 O-O-O 25. Bb6 Qd6 26. Bc5 Qe6 27. Bxe7 Qxe7 28. Qc5+ Qxc5 29. Nxc5 a5 30. Rxg5 Ne4
31. Nxe4 Bxe4 32. Rxe5 Bf3 33. Nd2 Rhg8 34. Nxf3 Rdf8 35. Ne1 Rg1 36. Rxh7 Kd8 37. Kd1 Rff1 38. Ra7 Kc8 39. Re8#
1-0

[Event "Let's Tango: Najdorf Style!"]
[Site "SchemingMind.com"]
[Date "2018.10.08"]
[Round "-"]
[White "Phillip Beckett"]
[Black "jolasebabes"]
[Result "0-1"]
[WhiteCountry "ENG"]
[BlackCountry "POR"]
[WhiteElo "1502"]
[WhiteRD "55"]
[BlackElo "2146"]
[BlackRD "70"]
[GameID "433354"]

1. e4 c5 2. Nf3 d6 3. d4 cxd4 4. Nxd4 Nf6 5. Nc3 a6 6. Bg5 e6 7. f4 Nbd7 8. Qf3 Qc7 9. O-O-O b5 10. a3 Bb7
11. g4 Be7 12. Bxf6 Bxf6 13. g5 Bxd4 14. Rxd4 O-O 15. Rd2 f5 16. Bd3 Nc5 17. Qg3 fxe4 18. Nxe4 Nxe4 19. Bxe4 Bxe4 20. Re1 d5
21. h4 Qxf4 22. Qxf4 Rxf4 23. Rde2 Raf8 24. h5 Rf1 25. Kd2 Rxe1 26. Rxe1 Rf2+ 27. Ke3 Rxc2 28. Re2 d4+
0-1